000 00487nam a2200145Ia 4500
008 140724s9999 xx 000 0 und d
050 _aT 58.6
_b.M214 2013
100 _aMahinay, Nicolai Domini A.
245 _aPoint of sale system of outbox /
_cNicolai Domini A. Mahinay.
260 _aLas PiƱas, Philippines :
_bSouthville International School and Colleges,
_cc2013.
300 _a65 p. :
_bcol. Ill. ;
_c28 cm.
521 _aInformation Technology
942 _cTH
999 _c229117
_d229117